00301nam a2200121Ia 4500008004100000082001600041100001800057245003300075250000800108260003600116300001000152650001700162150201s2000 xx 000 0 und d a576bM2000I aINGRAHAM,JOHN aINTRODUCTION TO MICROBIOLOGY a2ND bTHOMSON BROOKSaAUSTRALIAc2000 a1-804 aMICROBIOLOGY